000 00960nam a22002652a 4500
001 76765
003 BD-RjUL
005 20211209082901.0
008 200120r1952 enk 001 0 eng d
035 _aOCLC ocm09632844 from D950705M
_a(BD-RjUL)76989
040 _aGZE
_cGZE
_dEQO
_dBD-RjUL
_beng
041 _aeng
082 _a820.9
_bENL 1952
090 _aPR85
_b.E55 1962
100 1 _aEntwistle, William J.
_q(William James),
_d1895-1952.
_919661
245 1 4 _aThe literature of England, A.D. 500-1960 :
_ba survey of British literature from the beginnings to the present day /
_cWilliam J. Entwistle, Eric Gillett
250 _a3rd. ed.
260 _aLondon :
_bLongmans,
_c1952
300 _a326 p. ;
_c19 cm
504 _aIncludes index
650 0 _aEnglish literature
_xHistory and criticism
_956005
650 0 _aEnglish literature
_y20th century
_xHistory and criticism
_955220
700 1 _aGillett, Eric Walkey,
_d1893-
_9237823
942 _2ddc
_cBK
999 _c76765
_d76765